|
|
|
|
| LEADER |
01093nam a2200289 a 4500 |
| 001 |
5189 |
| 003 |
BD-DhAAL |
| 005 |
20130729112257.0 |
| 008 |
130729t19901989dcua 001 0 eng d |
| 010 |
|
|
|a 89061191
|
| 020 |
|
|
|a 0941209024
|
| 040 |
|
|
|a DLC
|c DLC
|d DLC
|d BD-DhAAL
|
| 050 |
0 |
0 |
|a TK7881.4
|b .T46 1989
|
| 082 |
0 |
0 |
|a 621.389/3
|2 20
|
| 100 |
1 |
|
|a Thom, Randy.
|9 2402
|
| 245 |
1 |
0 |
|a Audio Craft :
|b an introduction to the tools and techniques of audio production /
|c Randy Thom.
|
| 250 |
|
|
|a 2nd ed.
|
| 260 |
|
|
|a Washington, D.C., U.S.A. :
|b National Federation of Community Broadcasters,
|c c1989 [2nd printing 1990].
|
| 300 |
|
|
|a v, 202 p. :
|b ill. ;
|c 28 cm.
|
| 500 |
|
|
|a Includes index.
|
| 541 |
|
|
|e 5189
|
| 650 |
|
0 |
|a Sound
|x Recording and reproducing.
|9 2403
|
| 650 |
|
0 |
|a Sound
|x Recording and reproducing
|x Equipment and supplies.
|9 2404
|
| 740 |
0 |
|
|a AudioCraft.
|
| 942 |
|
|
|2 ddc
|c BK
|
| 999 |
|
|
|c 13768
|d 13768
|
| 952 |
|
|
|0 0
|1 0
|2 ddc
|4 0
|6 621_389300000000000_THO
|7 0
|9 23027
|a BRACUL
|b BRACUL
|c GEN
|d 2013-07-29
|g 0.00
|l 0
|o 621.3893 THO
|p 3010005189
|r 2013-07-29
|w 2013-07-29
|y BK
|z Not price in Register
|